Liberalizácia energetického trhu v EÚ

Analýza časovej postupnosti vytvárania jednotného energetického trhu a zvýšenie konkurencieschopnosti. Zlepšenie cenovo-nákladových parametrov ako aj možnosť zabezpečiť sa proti možnému riziku pri obchodovaní s touto komoditou na burzách. Liberalizácia ako východisko pre zavádzanie market coupling.

Gespeichert in:
Bibliographische Detailangaben
1. Verfasser: Bašová, Alena, 1961-
Format: Buchkapitel
Sprache:Slowakisch
Schlagworte:
Tags: Tag hinzufügen
Keine Tags, Fügen Sie das erste Tag hinzu!

MARC

LEADER 00000nla a2200000 4500
001 0225845
005 20240502083604.0
041 0 |a slo 
044 |a CZ 
245 1 0 |a Liberalizácia energetického trhu v EÚ  |c Alena Bašová 
520 |a Analýza časovej postupnosti vytvárania jednotného energetického trhu a zvýšenie konkurencieschopnosti. Zlepšenie cenovo-nákladových parametrov ako aj možnosť zabezpečiť sa proti možnému riziku pri obchodovaní s touto komoditou na burzách. Liberalizácia ako východisko pre zavádzanie market coupling. 
610 2 0 |a energia elektrická 
610 2 0 |a trh energetický 
610 2 0 |a hospodárstvo energetické 
610 2 0 |a bezpečnosť energetická 
610 2 0 |a liberalizácia 
610 2 0 |a konkurencieschopnosť 
100 1 |a Bašová, Alena, 1961-